| Поле | Название | Значение |
| |
Тип записи |
a |
| |
Библиографический уровень |
m |
| 001 |
Контрольный номер |
RU/SLIB/B/208729683 |
| 005 |
Дата корректировки |
20231228115044.8 |
| 010 |
Индекс ISBN |
__ |
| d |
Цена |
2-50 |
| 100 |
Данные общей обработки |
__ |
| a |
Данные общей обработки |
20230510d1988 m y0rusy028902 ca |
| 101 |
Язык документа |
0_ |
| a |
Язык текста |
rus |
| 102 |
Страна публикации |
__ |
| a |
Страна публикации |
RU |
| 105 |
Кодированные данные (монография) |
__ |
| a |
Кодированные данные (монография) |
y z 000yc |
| 181 |
Поле кодированных данных: вид содержания |
_0 |
| a |
Код вида содержания (ISBD) |
i |
| 182 |
Поле кодированных данных: тип средства |
_0 |
| a |
Код типа средства (ISBD) |
n |
| 200 |
Заглавие и сведения об ответственности |
0_ |
| a |
Заглавие |
Всемирная история экономической мысли |
| e |
Сведения, относящиеся к заглавию |
в 6 т. |
| b |
Общее обозначение материала |
Текст |
| h |
Номер части |
Т. 2 |
| i |
Наименование части |
От Смита и Рикардо до Маркса и Энгельса |
| 210 |
Выходные данные |
1_ |
| a |
Место издания |
М. |
| c |
Издательство |
Мысль |
| d |
Дата издания |
1988 |
| 215 |
Физическое описание |
__ |
| a |
Объем |
576 с. |
| 600 |
Персоналии |
_1 |
| a |
Персоналии (Фамилия) |
Смит |
| 2 |
Код системы |
nlr_sh |
| b |
Персоналии (Имя) |
А. |
| g |
Полное имя |
Адам |
| f |
Даты |
1723-1790 |
| 600 |
Персоналии |
_1 |
| a |
Персоналии (Фамилия) |
Рикардо |
| 2 |
Код системы |
nlr_sh |
| b |
Персоналии (Имя) |
Д. |
| g |
Полное имя |
Давид |
| f |
Даты |
1772-1823 |
| 600 |
Персоналии |
_1 |
| a |
Персоналии (Фамилия) |
Маркс |
| 2 |
Код системы |
nlr_sh |
| b |
Персоналии (Имя) |
К. Г. |
| g |
Полное имя |
Карл Генрих |
| f |
Даты |
1818-1883 |
| 600 |
Персоналии |
_1 |
| a |
Персоналии (Фамилия) |
Энгельс |
| 2 |
Код системы |
nlr_sh |
| b |
Персоналии (Имя) |
Ф. |
| g |
Полное имя |
Фридрих |
| f |
Даты |
1820-1895 |
| 606 |
Тематические рубрики |
__ |
| a |
Основная рубрика |
Экономика |
| 2 |
Код системы |
nlr_sh |
| 606 |
Тематические рубрики |
__ |
| a |
Основная рубрика |
История экономической мысли |
| 2 |
Код системы |
nlr_sh |
| 610 |
Ключевые слова |
0_ |
| a |
Ключевые слова |
политэкономия; классическая политическая экономия; развитие политэкономии; революционная демократия; персоналии; демократия в Европе; демократия в России |
| 686 |
Индексы других классификаций |
__ |
| a |
Классификационный индекс |
65.02(0) |
| 2 |
Код системы |
rubbks |
| 801 |
Источник записи |
_0 |
| a |
Страна |
RU |
| b |
Организация |
Муниципальное бюджетное учреждение культуры "Централизованная библиотечная система" г. Сургут (Центральная городская библиотека им. А. С. Пушкина) |
| g |
Правила каталогизации |
PSBO |
| 801 |
Источник записи |
_1 |
| a |
Страна |
RU |
| b |
Организация |
Муниципальное бюджетное учреждение культуры "Централизованная библиотечная система" г. Сургут (Центральная городская библиотека им. А. С. Пушкина) |
| g |
Правила каталогизации |
PSBO |
| 852 |
Данные о местонахождении |
__ |
| j |
Шифр хранения |
65.02(0) |
| c |
Каталожный индекс |
65.02 |
| i |
Авторский знак |
В 84 |
| p |
Инвентарный номер |
36817 |
| 901 |
Тип документа |
__ |
| t |
Тип документа |
m |
| a |
Ответственный |
КиК/Лебедева |
| 901 |
Тип документа |
__ |
| a |
Ответственный |
СКБР2024 |
| 903 |
Характеристики (МАРС) |
__ |
| c |
Наименование библиотеки (МАРС) |
Муниципальное бюджетное учреждение культуры "Централизованная библиотечная система" г. Сургут (Центральная городская библиотека им. А. С. Пушкина) |
| 990 |
Данные о заказе (DOS) |
__ |
| j |
Количество экземпляров (DOS) |
1 |